03939nam a22003977i 4500001000800000003001000008007000500018008004100023040003500064041000800099043000700107084000700114100004000121245007500161246005600236264001100292300004300303336002700346337003300373338002800406500004600434504004200480520147400522520126501996650002003261650002003281650001403301650002003315650002603335700002103361700002303382700002303405700002003428700002603448773006703474B-12136CO-BoFNCPt|| 090806s2009 ck r spa d  aCO-BoFNCPbspacCO-BoFNCPerda aspa ack aA-1 aYáñez A., Edgar E.eautor.4aut10aBiocombustibles, medio ambiente, tecnología y seguridad alimentaria.2 aBiofuels: environment, technology and food security 4c©2009 apáginas 71-91 :bTablas, gráficos. atextobtxt2rdacontent asin mediaciónbn2rdamedia avolumenbnc2rdacarrier aContiene resumen en español e inglés. aIncluye referencias bibliográficas. aLa inminente decadencia de la producción mundial de petróleo, aunada al elevado costo de este combustible fósil y a las evidentes amenazas ambientales que trae consigo, han hecho que se intensifique el uso de biocombustibles y en consecuencia su la producción haya alcanzado volúmenes inusitados en los últimos diez años. Lo cual ha generado intensos debates promovidos por organismos internacionales y líderes políticos. Este artículo presenta el estado del arte de la producción actual de biocombustibles en el mundo y evalúa las causas del incremento de su demanda. También discute las opciones existentes de materia prima y rutas tecnológicas, así como aspectos de costo de producción y la relación de su viabilidad económica con los precios internacionales del petróleo. De igual forma, presenta algunos aspectos ambientales, la evaluación de impactos de programas de incentivo para la producción de biocombustibles con la herramienta "análisis de ciclo de vida", los requerimientos en tierras cultivables y los impactos sobre la producción de alimentos. Se concluye que el aumento de la utilización de biocombustibles es inevitable, y que deben establecerse marcos reguladores nacionales e internacionales que pongan límites a la exploración de tierras y a los impactos consecuentes de la producción de biocombustibles, así como condiciones adecuadas de trabajo y remuneración digna para los trabajadores. aThe imminent decline of the world's oil production, its high market prices and environmental impacts have made the production of biofuels reach unprecedented volumes over the last ten years. This is why there have been intense debates promoted by international organizations and political leaders in order to discuss the impacts of the biofuel use intensification. Besides assessing the causes of the rise in the demand and production of biofuels, this paper also shows the state of the art of its world's current production. It also discusses different vegetable sources and technological paths to produce biofuels, as well as issues regarding production cost and the relation of its economic feasibility with oil international prices. The environmental impacts of programs that encourage biofuel production, farmland and requirements and the impacts on food production are also discussed, considering the life cycle analysis as a tool. It is concluded that the rise in the use of biofuels is inevitable and that international and national regulations must be established regarding the use of land and the environmental impacts caused by biofuel production. It is also mandatory to establish appropriate working conditions and decent remuneration for workers. 0aAceite de palma 0aBiocombustibles 0aBioetanol 0aMedio ambiente. 0aSeguridad alimentaria1 aAlmazán, Oscar1 aCastillo, Edgar F.1 aEscobar, José C.1 aLora, Electo S.1 aVenturini, Osvaldo J.0 aPalmas (Colombia)gv. 30, no. 1 (2009), p.71-91wA-x0121-2923